25 pays selon un intitulé - Statistiques

Statistiques générales
  • Ce quiz a été pris 76 fois
  • Le résultat moyen est 10 sur 26
Statistiques - réponses
Intitulé Réponse % Correct
Plus grand pays à ce jour Russie
89%
Pays des tulipes Pays Bas
84%
Pays ayant pris une raclée en finale de coupe du monde de football en 2018 contre la France Croatie
80%
Seul pays ayant un drapeau d'une forme différente Népal
79%
Actuel pays d'origine de Christophe Colomb Italie
73%
Pays possédant trois capitales et ayant abandonné son arsenal nucléaire Afrique du Sud
70%
Pays ayant la capitale mondiale de musique classique Autriche
66%
Pays ayant un drapeau similaire à 99.9 % à celui de la Roumanie Tchad
64%
Pays découvert par des norvégiens en 860 et rapidement colonisé Islande
59%
Pays avec le plus grand nombre de terres agricoles (y compris pâturages) Etats Unis
56%
Pays ayant eu le 2e plus grand empire de l'histoire Mongolie
50%
Origine de Nikola Tesla, l'aéroport de la capitale porte son nom Serbie
34%
Pays de l'El Dorado Colombie
31%
Pays "berceau de la civilisation", dont la plus ancienne recette de bière vient Irak
27%
Pays (actuel) ayant mené une conquête de la Perse jusqu'à l'Inde en seulement une dizaine d'années Macédoine du nord
24%
Pays des hussards ailés, qui eurent une grande importance lors de la bataille de Vienne (l'une des plus grandes charges de cavaleries de l'histoire européenne) Pologne
24%
Pays organisant des courses de chameaux avec des jockeys robotiques Koweït
17%
Pays possédant le désert le plus vieux du monde, ayant été colonisé par les allemands, connaissant le premier génocide du XXe siècle Namibie
16%
Actuel pays ayant été vendu aux Templiers par Richard Cœur de Lion puis racheté par Guy de Lusignan Chypre
14%
Pays possédant la plus grande mangrove et la plus grande plage continue au monde Bangladesh
9%
Actuel pays ayant été une victime de ce " narco-état " Chine
9%
Pays ayant été renversé 4 fois avec l'aide d'un mercenaire français surnommé le roi des coups d'état Comores
7%
Petit pays insulaire dont l'armée a fait plus de coups d'état que de guerre et dont l'eau se vend dans le monde entier Fidji
7%
Peut être considéré comme le premier narco-état au monde Royaume Uni
7%
Pays ayant connu la " guerre des pâtisseries " Mexique
4%
Premier pays ayant reconnu les Etats Unis Maroc
3%
Aucun quiz correspondant
Distribution des résultats
% des personnes avec chaque résultat
Percentile par nombre de réponses
Votre historique - résultats
Vous n’avez pas pris ce quiz